各ボカロPで最も再生回数の多い曲 - Statistics

General Stats
  • This quiz has been taken 456 times
  • The average score is 24 of 38
Answer Stats
Hint Answer % Correct
Kanaria KING
90%
バルーン シャルル
88%
みきとP ロキ
85%
Chinozo グッバイ宣言
83%
いよわ きゅうくらりん
83%
かいりきベア ベノム
81%
Orangestar アスノヨゾラ哨戒班
79%
ピノキオピー 神っぽいな
78%
原口沙輔 人マニア
77%
吉田夜世 オーバーライド
75%
サツキ メズマライザー
73%
DECO*27 ヴァンパイア
72%
れるりり 脳漿炸裂ガール
72%
柊マグネタイト マーシャル・マキシマイザー
72%
すりぃ テレキャスタービーボーイ
71%
椎名もた 少女A
71%
yukopi 強風オールバック
68%
ツミキ フォニイ
68%
てにをは ヴィラン
64%
164 天ノ弱
62%
ぬゆり ロウワー
62%
Giga 劣等上等
59%
稲葉曇 ロストアンブレラ
58%
40mp 恋愛裁判
56%
Neru ロストワンの号哭
55%
syudou ビターチョコデコレーション
54%
KEMU VOXX 六兆年と一夜物語
53%
ユリイ・カノン だれかの心臓になれたなら
52%
カンザキイオリ 命に嫌われている。
52%
水野あつ 生きる
51%
jon-YAKITORY 混沌ブギ
49%
Crusher-P ECHO
48%
john 春嵐
44%
香椎モイミ キャットラビング
43%
wotaku ジェヘナ
37%
livetune tell your world
32%
MARETU あいしていたのに
27%
ぬぬぬぬぬぬぬぬぬぬぬぬぬぬぬぬ みむかゥわナイストライ
21%
No matching quizzes found
Score Distribution
Percent of People with Each Score
Percentile by Number Answered
Your Score History
You have not taken this quiz